[Event "Ch Denmark (team) 2010/11"]
[Site "Denmark"]
[Date "2011.01.30"]
[Round "6"]
[White "Hansen Bjarne (DEN)"]
[Black "Hoiberg Nina (DEN)"]
[Result "1-0"]
[WhiteElo "2235"]
[BlackElo "2180"]

1.d4 d6 2.Nf3 Bg4 3.c4 Nf6 4.Qb3 Qc8 5.g3 a5 6.Bg2 a4 7.Qc2 Bh3 8.O-O h5
9.Bxh3 Qxh3 10.Ng5 Qg4 11.Rd1 h4 12.f3 Qd7 13.Nc3 hxg3 14.hxg3 Nc6 15.Nb5 g6
16.e4 Bh6 17.e5 Nb4 18.Qe2 Bxg5 19.Bxg5 Nh5 20.g4 c6 21.Nxd6+ exd6 22.exd6+
Kf8 23.Qe7+ Qxe7 24.dxe7+ Kg7 25.gxh5 Rxh5 26.Bd2 Nc2 27.d5 f6 28.Rac1 Rah8
29.e8=N+ Kf7 30.Nd6+ Ke7 31.Bf4 Nd4 32.Kg2 c5 33.Nxb7 g5 34.Bg3 Nf5 35.Re1+
Kf7 36.Nd6+ Nxd6 37.Bxd6 f5 38.Re7+ Kf6 39.Rce1 Ra8 40.R1e6# 1-0

[Event "Bundesliga 2010/11"]
[Site "Germany"]
[Date "2011.02.27"]
[Round "11"]
[White "Macieja Bartlomiej (POL)"]
[Black "Slobodjan Roman (GER)"]
[Result "1-0"]
[WhiteElo "2613"]
[BlackElo "2535"]

1.Nf3 Nf6 2.c4 d6 3.d4 Bg4 4.Qb3 Qc8 5.h3 Bh5 6.g4 Bg6 7.Bg2 Nc6 8.d5 Nd8
9.Nc3 e6 10.Nh4 e5 11.f4 exf4 12.Bxf4 Be7 13.O-O-O O-O 14.e3 a6 15.Ne2 Nd7
16.Nxg6 fxg6 17.g5 b5 18.Nd4 Nc5 19.Qc2 bxc4 20.Qxc4 Rb8 21.h4 a5 22.Nc6 Nxc6
23.dxc6+ Kh8 24.h5 Qe8 25.h6 Rf5 26.hxg7+ Kxg7 27.Qd4+ Kg8 28.Bd5+ Rxd5
29.Qxd5+ Kg7 30.Rxh7+ Kxh7 31.Rh1+ Kg7 32.Be5+ {#r} 1-0

[Event "Tournament \"]
[Site "Donetsk (Ukraine)"]
[Date "2011.03.05"]
[Round "11"]
[White "Iljin Timofey (UKR)"]
[Black "Sysoenko Aleksey (UKR)"]
[Result "1-0"]
[WhiteElo "2509"]
[BlackElo "2244"]

1.d4 d6 2.Nf3 Bg4 3.c4 Nf6 4.Nc3 c6 5.e4 e5 6.d5 Be7 7.Be2 O-O 8.O-O c5 9.Be3
Ne8 10.Ne1 Bxe2 11.Nxe2 Bg5 12.Nc2 Bxe3 13.Nxe3 Nd7 14.g3 g6 15.Qd3 Ng7 16.f4
exf4 17.gxf4 f5 18.exf5 Nxf5 19.Nxf5 Rxf5 20.Ng3 Rf8 21.Ne4 a6 22.Nxd6 Qc7
23.Ne4 Rxf4 24.Rxf4 Qxf4 25.Rf1 Qg4+ 26.Ng3 Re8 27.b3 Ne5 28.Qd1 Qg5 29.Qe2 b5
30.Kh1 bxc4 31.Ne4 {#r} 1-0

[Event "NRW Klasse 2 2010/11"]
[Site "Germany"]
[Date "2011.03.13"]
[Round "8"]
[White "Hintze Helge (GER)"]
[Black "Borzykin Ihor (GER)"]
[Result "1-0"]
[WhiteElo "2346"]
[BlackElo "1904"]

1.Nf3 Nf6 2.c4 d6 3.d4 Bg4 4.Nc3 Nbd7 5.e4 e5 6.Be2 Bxf3 7.Bxf3 exd4 8.Qxd4
Ne5 9.Be2 g6 10.Bf4 Bg7 11.Bxe5 dxe5 12.Qxe5+ Qe7 13.Qxe7+ Kxe7 14.O-O-O c6
15.f4 h5 16.h4 Ng4 17.Bxg4 hxg4 18.e5 g3 19.Rh3 Rad8 20.Rxd8 Kxd8 21.Ne2 g5
22.Rxg3 Rxh4 23.Rxg5 Bf8 24.Rg8 Ke7 25.Kd2 f6 26.exf6+ Kf7 27.Rg3 Kxf6 28.Rd3
Rh2 29.g3 Kf5 30.a3 a5 31.Re3 a4 32.Re5+ Kg4 33.Ke3 Rh7 34.Rg5+ Kh3 35.Kf3 Bg7
36.Nc3 Bxc3 37.bxc3 Kh2 38.g4 Rd7 39.Rh5+ Kg1 40.Ke4 Kg2 41.g5 Re7+ 42.Kf5
Rf7+ 43.Kg4 {#r} 1-0

[Event "It \"]
[Site "Belgrade (Serbia)"]
[Date "2011.03.26"]
[Round "4"]
[White "Jovanovski Slobodan (SRB)"]
[Black "Bolehradski Jovica (SRB)"]
[Result "1-0"]
[WhiteElo "2264"]
[BlackElo "2200"]

1.d4 Nf6 2.Nf3 d6 3.c4 Bg4 4.Qb3 Qc8 5.Nc3 Nbd7 6.d5 Nc5 7.Qd1 e5 8.dxe6 Nxe6
9.e3 c6 10.Be2 Be7 11.O-O O-O 12.b3 Rd8 13.Bb2 d5 14.cxd5 Nxd5 15.Nxd5 Rxd5
16.Qc2 Qc7 17.Bc3 a5 18.h3 Bh5 19.Rfd1 Rad8 20.Rxd5 Rxd5 21.Rd1 Bb4 22.Bb2 Qd8
23.Rxd5 Qxd5 24.Bc4 Qd6 25.a4 Bg6 26.Qe2 Be4 27.Nd4 Bc5 28.Nxe6 fxe6 29.Qg4
Bg6 30.Qxe6+ Qxe6 31.Bxe6+ Kf8 32.Bc4 Bc2 33.Bc3 Bb4 34.Bxb4+ axb4 35.f3 b5
36.axb5 cxb5 37.Bd5 Ke7 38.Kf2 Kd6 39.Bg8 Bd3 40.h4 Kc5 41.Ke1 h6 42.Kd2 Bf1
43.g4 Kd6 44.h5 Ke5 45.Bh7 Kd5 46.Bd3 {#r} 1-0

[Event "Ch Croatia (team) (2nd league)"]
[Site "Cakovec (Croatia)"]
[Date "2011.04.03"]
[Round "5"]
[White "Antunac Goran (CRO)"]
[Black "Zamostni Jan (CRO)"]
[Result "1-0"]
[WhiteElo "2390"]
[BlackElo "2266"]

1.d4 Nf6 2.Nf3 d6 3.c4 Bg4 4.Nc3 Nc6 5.d5 Bxf3 6.exf3 Ne5 7.f4 Ned7 8.Be2 c6
9.dxc6 bxc6 10.O-O g6 11.Bf3 Rc8 12.Re1 Nb6 13.Qe2 Bg7 14.c5 Nbd5 15.cxd6 Qxd6
16.Bd2 O-O 17.g3 e6 18.Rac1 Nb4 19.Be3 c5 20.Red1 Qe7 21.Na4 Nxa2 22.Rxc5 Nd5
23.Bxd5 exd5 24.Rdxd5 Nb4 25.Rd2 Qe4 26.Qd1 h5 27.Nc3 Qe6 28.Rd6 Qe7 29.Rd7
Qe6 30.Rxc8 Rxc8 31.Rxa7 Bxc3 32.bxc3 Nd5 33.Qb3 Nxf4 34.Qxe6 Nxe6 35.Ra3 Kg7
36.Kf1 g5 37.Ke2 f5 38.Kd3 f4 39.Bd4+ Kg6 40.Ra5 fxg3 41.fxg3 h4 42.g4 Nf4+
43.Ke4 Ne2 44.Ra6+ Kf7 45.Kf5 h3 46.Ra7+ {#r} 1-0

[Event "Ch Croatia (team) (4th league)"]
[Site "Zagreb (Croatia)"]
[Date "2011.04.10"]
[Round "5"]
[White "Grdinic Zvonimir (CRO)"]
[Black "Krizan Ivan (CRO)"]
[Result "1-0"]
[WhiteElo "2265"]
[BlackElo "1834"]

1.Nf3 d6 2.d4 Nf6 3.c4 Bg4 4.Nc3 c6 5.g3 Bxf3 6.exf3 Nbd7 7.Bg2 e5 8.O-O h5
9.h4 Qb6 10.Re1 O-O-O 11.dxe5 dxe5 12.Qe2 Bc5 13.Na4 Qb4 14.Nxc5 Qxc5 15.Be3
Qa5 16.a3 Qa4 17.b4 Rde8 18.Reb1 e4 19.fxe4 Nxe4 20.Bh3 g5 21.hxg5 h4 22.Qd3
f5 23.Bxf5 c5 24.b5 hxg3 25.Bxd7+ Kc7 26.Bxe8 gxf2+ 27.Bxf2 Rh1+ 28.Kg2 {#r}
1-0

[Event "Ch Lithuania (w)"]
[Site "Nemencine (Lithuania)"]
[Date "2011.04.29"]
[Round "8"]
[White "Malisauskiene Marina (LTU)"]
[Black "Batkovskyte Dominyka (LTU)"]
[Result "0-1"]
[WhiteElo "2050"]
[BlackElo "2092"]

1.d4 Nf6 2.Nf3 d6 3.c4 Bg4 4.Nbd2 Nbd7 5.h3 Bh5 6.e4 e5 7.Qc2 c6 8.Bd3 Be7
9.O-O O-O 10.b3 Qc7 11.Bb2 Bg6 12.Nh4 Nh5 13.Nxg6 fxg6 14.Nf3 Nf4 15.dxe5
Nxh3+ 16.gxh3 Rxf3 17.Kg2 Rf4 18.exd6 Bxd6 19.Rad1 Qd8 20.Be2 Qg5+ 21.Kh1 Rh4
22.Qd3 Nc5 23.Bc1 Qxc1 24.Qxd6 Qh6 25.f3 Rxh3+ 26.Kg2 Rh5 27.Rh1 Qg5+ 28.Kf2
Rf8 29.Qd4 Ne6 30.Rxh5 Qxh5 31.Qd6 Nf4 32.Rf1 Qh2+ {#R} 0-1

[Event "Ch England (team) 2010/11 (2 div)"]
[Site "England"]
[Date "2011.04.30"]
[Round "9"]
[White "Posazhennikov Alex (RUS)"]
[Black "Galego Luis (POR)"]
[Result "1/2-1/2"]
[WhiteElo "2259"]
[BlackElo "2477"]

1.d4 Nf6 2.c4 d6 3.Nf3 Bg4 4.e3 Nbd7 5.h3 Bh5 6.Be2 e5 7.Nc3 Be7 8.O-O O-O
9.Qc2 c6 10.b3 Re8 11.dxe5 dxe5 12.Nh4 Bxe2 13.Nxe2 a5 14.Nf5 Bf8 15.e4 Nc5
16.Rd1 Qc7 17.Nfg3 Ne6 18.Be3 a4 19.Rab1 axb3 20.axb3 Qa5 21.Nc1 Red8 22.Nd3
Nd4 23.Bxd4 Rxd4 24.b4 Qc7 25.Ne1 Rxd1 26.Qxd1 g6 27.Qc2 Ne8 28.c5 Ng7 29.Nf3
Ne6 30.Nf1 Nd4 31.Nxd4 exd4 32.Qd3 Bg7 33.Nd2 b6 34.cxb6 Qxb6 35.b5 cxb5
36.Rxb5 Qc7 37.g3 h5 38.Kg2 Ra1 39.Nc4 Rc1 40.Nb6 Rc3 41.Nd5 Rxd3 42.Nxc7 Rd1
43.Ne8 d3 44.Nxg7 Kxg7 {#d} 1/2-1/2

[Event "Ch England (team) 2010/11 (3 div)"]
[Site "England"]
[Date "2011.05.02"]
[Round "11"]
[White "Jaszkiwskyj Peter (ENG)"]
[Black "Taylor Phil (ENG)"]
[Result "1/2-1/2"]
[WhiteElo "1985"]
[BlackElo "2031"]

1.d4 d6 2.Nf3 Nf6 3.c4 Bg4 4.Nc3 g6 5.Bf4 Bg7 6.e3 O-O 7.h3 Ne4 8.Qb3 Nxc3
9.Qxc3 c5 10.Be2 Nc6 11.O-O Qb6 {#d} 1/2-1/2

[Event "Cup Croatia (team)"]
[Site "Sibenik (Croatia)"]
[Date "2011.05.19"]
[Round "2"]
[White "Frank Vladimir (CRO)"]
[Black "Zamostni Jan (CRO)"]
[Result "0-1"]
[WhiteElo "2110"]
[BlackElo "2265"]

1.Nf3 d6 2.d4 Nf6 3.c4 Bg4 4.Qb3 Nc6 5.d5 Bxf3 6.exf3 Nd4 7.Qc3 e5 8.Bd3 g6
9.f4 Bg7 10.fxe5 dxe5 11.O-O O-O 12.Bg5 Qd6 13.Nd2 Rae8 14.f4 e4 15.Qxd4 Ng4
16.Qxa7 exd3 17.Rae1 b6 18.h3 Bd4+ 19.Kh1 Nf2+ 20.Kh2 Re2 21.Nf3 Be3 22.Qa3
Bxf4+ 23.Kg1 Nxh3+ 24.gxh3 Be3+ 25.Kh1 Qg3 26.Rxe2 dxe2 27.Qd3 exf1=Q+ 28.Qxf1
Bxg5 {#R} 0-1

[Event "It"]
[Site "Luanda (Angola)"]
[Date "2011.05.20"]
[Round "4"]
[White "Simoes Joao (POR)"]
[Black "Galego Luis (POR)"]
[Result "1/2-1/2"]
[WhiteElo "2019"]
[BlackElo "2477"]

1.d4 Nf6 2.Nf3 d6 3.c4 Bg4 4.Qb3 Bxf3 5.Qxf3 Qc8 6.Be3 g6 7.g3 Bg7 8.Bg2 O-O
9.O-O Nc6 10.Nc3 Nd7 11.Rfd1 Re8 {#d} 1/2-1/2

[Event "Ch Bulgaria (team) (w) (Gr. A)"]
[Site "Albena (Bulgaria)"]
[Date "2011.06.07"]
[Round "6"]
[White "Genova Ruzka (BUL)"]
[Black "Janeva Mariya (BUL)"]
[Result "1-0"]
[WhiteElo "2195"]
[BlackElo "2017"]

1.d4 Nf6 2.c4 d6 3.Nf3 Bg4 4.Nc3 Nbd7 5.e4 e5 6.Be2 Be7 7.O-O O-O 8.Be3 Re8
9.d5 a5 10.Nd2 Bxe2 11.Qxe2 h5 12.h3 h4 13.b3 g6 14.a3 Nh5 15.Nf3 Nf4 16.Qd2
g5 17.Kh2 g4 18.hxg4 Nf6 19.Bxf4 Nxg4+ 20.Kg1 exf4 21.Qxf4 Qd7 22.Rac1 Bf6
23.Nb5 Bg7 24.Rc2 Bh6 25.Qf5 Qxf5 26.exf5 Re4 27.Nxc7 Rd8 28.Nb5 Kg7 29.Nc3
Rf4 30.Re2 h3 31.Re4 h2+ 32.Nxh2 Nxh2 33.Kxh2 Rxf5 34.Rg4+ Kf6 35.Ne4+ Ke7
36.Rh4 Bf4+ 37.g3 Be5 38.f4 Bb2 39.g4 Rf6 40.Rh7 Rxf4 41.Rxf4 {#r} 1-0

[Event "Ch City (open)"]
[Site "Frankfurt (Germany)"]
[Date "2011.06.14"]
[Round "7"]
[White "Muehlbach Christian (GER)"]
[Black "Heun Andreas"]
[Result "1-0"]
[WhiteElo "1709"]
[BlackElo "1509"]

1.d4 Nf6 2.c4 d6 3.Nf3 Bg4 4.e3 Nbd7 5.Be2 c6 6.Nc3 Qc7 7.Bd2 e5 8.O-O Be7
9.Rc1 O-O 10.d5 e4 11.Nd4 Bxe2 12.Qxe2 Ne5 13.b3 a6 14.f3 c5 15.Nf5 exf3
16.gxf3 Rfe8 17.e4 Bf8 18.Bg5 Ned7 19.Qg2 Nh5 20.Nh6+ gxh6 21.Bd8+ Kh8 22.Bxc7
Be7 23.Kh1 Rg8 24.Qh3 Ndf6 25.e5 Nf4 26.Qf5 N6h5 27.Rg1 Bg5 28.Rce1 dxe5
29.Bxe5+ f6 30.Bxf4 Nxf4 31.Re7 Ng6 32.Rxb7 Rae8 33.Ne4 Re5 34.Nxf6 {#r} 1-0

[Event "It \"]
[Site "Bad Homburg (Germany)"]
[Date "2011.06.23"]
[Round "3"]
[White "Zimmer Gerald Dr (GER)"]
[Black "Reh Philipp (GER)"]
[Result "1/2-1/2"]
[WhiteElo "1994"]
[BlackElo "2054"]

1.d4 Nf6 2.Nf3 d6 3.c4 Bg4 4.e3 e6 5.Nc3 Be7 6.Qb3 Bxf3 7.gxf3 Qc8 8.Bh3 Nbd7
9.e4 O-O 10.Rg1 Ne8 11.Be3 c5 12.d5 Ne5 13.Ke2 Nc7 14.f4 Ng6 15.f5 exf5
16.Bxf5 Qd8 17.Rab1 Rb8 18.f4 Bf6 19.Rbf1 b5 20.cxb5 Bxc3 21.Qxc3 Nxb5 22.Qc4
Qf6 23.Rb1 Nd4+ 24.Bxd4 cxd4 25.Bxg6 fxg6 26.Rgf1 Qh4 27.Qxd4 Rxf4 28.Rxf4
Qxf4 29.Rf1 Qg4+ 30.Kd3 Qh3+ 31.Ke2 Qxh2+ 32.Rf2 Qh5+ 33.Kd2 Qg5+ 34.Kd3 Qe7
35.b3 h5 36.Rg2 Kh7 37.Qg1 Qf6 38.Rf2 Qe5 39.Rc2 Rb4 40.Rc4 Rxc4 41.bxc4 h4
42.Qg4 Qf6 43.a4 Qf1+ 44.Ke3 Qf6 45.Kd3 Qe7 46.Ke3 {#d} 1/2-1/2

[Event "It \"]
[Site "Bad Homburg (Germany)"]
[Date "2011.06.24"]
[Round "4"]
[White "Fuchs-Bischoff Klaus-dieter (GER)"]
[Black "Loeffler Thorsten"]
[Result "1/2-1/2"]
[WhiteElo "1639"]
[BlackElo "1338"]

1.Nf3 d6 2.d4 Nf6 3.c4 Bg4 4.Nbd2 e6 5.h3 Bxf3 6.Nxf3 Be7 7.Qb3 b6 8.Bg5 Nbd7
9.e3 O-O 10.Be2 c5 11.Rd1 h6 12.Bh4 cxd4 13.Nxd4 Nc5 14.Qc2 Qd7 15.Bf3 Rac8
16.O-O Rfd8 17.b3 d5 18.cxd5 exd5 19.Bxf6 Bxf6 20.Bg4 Ne6 21.Qf5 Bxd4 22.Rxd4
Nxd4 23.Qxd7 Rxd7 24.Bxd7 Rd8 25.exd4 Rxd7 {#d} 1/2-1/2

[Event "It (open)"]
[Site "Torredembarra (Spain)"]
[Date "2011.07.09"]
[Round "8"]
[White "Genov Petar (BUL)"]
[Black "Moskalenko Viktor (UKR)"]
[Result "1/2-1/2"]
[WhiteElo "2447"]
[BlackElo "2558"]

1.d4 Nf6 2.Nf3 d6 3.c4 Bg4 4.e3 Nbd7 5.Nc3 e5 6.Be2 c6 7.O-O Be7 8.e4 O-O
9.Be3 exd4 10.Nxd4 Bxe2 11.Qxe2 Re8 12.Rad1 Bf8 13.Nf5 Qc7 {#d} 1/2-1/2

[Event "Tournament (Elo)"]
[Site "Rio de Janeiro (Brazil)"]
[Date "2011.07.30"]
[Round "7"]
[White "Rocha Joao Batista (BRA)"]
[Black "Saraiva Alexandre Pacheco (BRA)"]
[Result "1-0"]
[WhiteElo "1946"]
[BlackElo "1986"]

1.d4 Nf6 2.c4 d6 3.Nf3 Bg4 4.Nc3 Nbd7 5.h3 Bxf3 6.exf3 e5 7.d5 a5 8.Be2 g6
9.O-O Bg7 10.Bg5 h6 11.Be3 Nh5 12.Qd2 f5 13.f4 Nxf4 14.Bxf4 exf4 15.Qxf4 O-O
16.Qd2 Nc5 17.Bf3 Qh4 18.b3 a4 19.Rab1 axb3 20.axb3 Nd7 21.Nb5 Rac8 22.Qa5 Ne5
23.Be2 Qe7 24.Rfe1 c6 25.Nd4 Ra8 26.Qd2 cxd5 27.cxd5 Rfc8 28.f4 Nd7 29.Bc4 Qf6
30.Ne6 Bh8 31.Qb4 Nc5 32.Nxc5 Qd4+ 33.Kh1 Rxc5 34.Qxb7 Rf8 35.Re6 Bf6 36.Rxd6
Rf7 37.Rd7 Rxd7 38.Qxd7 Qxf4 39.Re1 Bg7 40.Qe6+ Kh7 41.d6 h5 42.d7 Be5 43.Qg8+
Kh6 44.Qf8+ Kh7 45.Qe7+ Kh6 46.Rxe5 Rxe5 47.Qf8+ Kh7 48.Qg8+ {#r} 1-0

[Event "It (open)"]
[Site "Roux (Belgium)"]
[Round "2"]
[White "Morozova Julia (UKR)"]
[Black "Oger Daniel (BEL)"]
[Result "0-1"]
[WhiteElo "2105"]
[BlackElo "1870"]

1.d4 Nf6 2.Nf3 d6 3.c4 Bg4 4.e3 Nbd7 5.Be2 e5 6.b3 c6 7.O-O Be7 8.Nc3 O-O
9.Bb2 e4 10.Nd2 Bxe2 11.Qxe2 d5 12.f3 exf3 13.Qxf3 Nb6 14.Rf2 c5 15.Nxd5 Nbxd5
16.cxd5 cxd4 17.e4 Bc5 18.Kh1 Qd7 19.Qd3 Ng4 20.Rff1 Ne3 21.Rf4 Qd6 22.g3 Qg6
23.Qe2 Bd6 24.Bxd4 Bxf4 25.Bxe3 Bxe3 26.Qxe3 Rfe8 27.Re1 Rad8 28.Rc1 f5 29.e5
Rxd5 30.Nf3 Qa6 31.Qf4 Qd3 32.Re1 Qa6 33.Qxf5 Qe6 34.Qe4 h6 35.Rc1 Red8 36.h4
Qh3+ 37.Kg1 Qxg3+ 38.Kf1 Qh3+ 39.Ke2 {#R} 0-1

[Event "It (open) \"]
[Site "Berlin (Germany)"]
[Date "2011.08.16"]
[Round "4"]
[White "Mueller Achim (GER)"]
[Black "Mako Atila (GER)"]
[Result "1-0"]
[WhiteElo "1992"]
[BlackElo "1706"]

1.d4 Nf6 2.c4 d6 3.Nf3 Bg4 4.Nc3 Nbd7 5.e4 e5 6.d5 Nc5 7.Qc2 Be7 8.Be3 b6
9.Nd2 Bh5 10.f3 Bg6 11.b4 Nb7 12.Rb1 O-O 13.Bd3 h6 14.O-O Nh5 15.g4 Nf4
16.Bxf4 exf4 17.Ne2 Bg5 18.Nb3 h5 19.h3 a5 20.a3 Qf6 21.Nbd4 hxg4 22.hxg4 Bh4
23.Kg2 Bh7 24.Rh1 g5 25.Qb2 axb4 26.axb4 Ra4 27.Nb5 Qe7 28.Ra1 Rfa8 29.Rxa4
Rxa4 30.Ra1 Rxa1 31.Qxa1 Qd8 32.Ned4 Bg6 33.Nc6 Qf8 34.Nxc7 Qh6 35.Qa8+ Kh7
36.Qa1 Bg3 37.Qh1 Qxh1+ 38.Kxh1 Be1 39.Kg2 Kg7 40.Na8 b5 41.cxb5 Bc3 42.Nb6 f6
43.Nc4 Be5 44.N4a5 Nxa5 45.bxa5 Bc3 46.a6 {#r} 1-0

[Event "Tournament (seniors) (ab.60)"]
[Site "Rychnov nad Kneznou (Czech Republic)"]
[Date "2011.08.26"]
[Round "5"]
[White "Mlynek Petr (CZE)"]
[Black "Fiser Jiri (CZE)"]
[Result "1-0"]
[WhiteElo "2122"]
[BlackElo "1918"]

1.d4 Nf6 2.c4 d6 3.Nf3 Bg4 4.Qb3 Bxf3 5.exf3 Qc8 6.Bd3 Nc6 7.Be3 e5 8.d5 Ne7
9.O-O g6 10.Nc3 Nd7 11.c5 dxc5 12.Ne4 Nf5 13.Bb5 Be7 14.Bxc5 Kf8 15.Bxe7+ Nxe7
16.Rac1 c6 17.dxc6 {#r} 1-0

[Event "Ch Switzerland (team) 2011"]
[Site "Switzerland"]
[Date "2011.08.27"]
[Round "6"]
[White "Huss Andreas (SUI)"]
[Black "Hug Werner (SUI)"]
[Result "0-1"]
[WhiteElo "2311"]
[BlackElo "2475"]

1.d4 Nf6 2.c4 d6 3.Nf3 Bg4 4.Qb3 Qc8 5.h3 Bxf3 6.Qxf3 Nc6 7.e3 e5 8.d5 Nb4
9.Qd1 a5 10.Nc3 Qf5 11.g4 Nc2+ 12.Ke2 Qg6 13.Rb1 Nb4 14.a3 Na2 15.Bd2 Nxc3+
16.bxc3 Ra7 17.Qa4+ Nd7 18.Bg2 Be7 19.c5 dxc5 20.d6 Qxd6 21.Rxb7 Rxb7 22.Bxb7
O-O 23.Qxa5 Nb6 24.Qb5 Qe6 25.Be4 Nc4 26.Bc1 Nd6 27.Qb1 g6 28.Rd1 Bh4 29.Bd5
Qe8 30.e4 Qa4 31.Bh6 Rd8 32.g5 c4 33.Qc1 c6 34.Bxf7+ Nxf7 35.Rxd8+ Nxd8 36.Kf3
Ne6 37.Qd2 Qa7 {#R} 0-1

[Event "It (open)"]
[Site "Collado Villalba (Spain)"]
[Date "2011.08.29"]
[Round "7"]
[White "Bote Valentin (ESP)"]
[Black "Garcia-Sanchez Navarro Maria (ESP)"]
[Result "1-0"]
[WhiteElo "2189"]
[BlackElo "1573"]

1.Nf3 d6 2.d4 Nf6 3.c4 Bg4 4.Qb3 Qc8 5.h3 Bf5 6.Nc3 g6 7.Bf4 Bg7 8.e3 O-O
9.Be2 Nbd7 10.O-O Re8 11.Nh4 Nf8 12.Nxf5 Qxf5 13.Qxb7 e5 14.dxe5 dxe5 15.Bg3
Ne6 16.b3 Reb8 17.Qf3 Qc2 18.Rac1 Qd2 19.Rfd1 Qb2 20.Bxe5 Ng5 21.Qf4 Ne6
22.Qh2 Rd8 23.Bf3 Rxd1+ 24.Rxd1 Rd8 25.Rxd8+ Nxd8 26.g4 Ne6 27.Nd5 Qb1+ 28.Kg2
Nxd5 29.Bxd5 Ng5 30.Bxg7 Qd1 31.Bd4 h5 32.Qe5 Kf8 33.Qh8+ Ke7 34.Qf6+ Kd7
35.Bc6+ {#r} 1-0

[Event "Cup Mayors (open)"]
[Site "Mumbai (India)"]
[Date "2011.09.22"]
[Round "9"]
[White "Karthikeyan P (IND)"]
[Black "Kulkarni Chinmay (IND)"]
[Result "1/2-1/2"]
[WhiteElo "2382"]
[BlackElo "2308"]

1.d4 Nf6 2.c4 d6 3.Nf3 Bg4 4.Nc3 Bxf3 5.gxf3 Nbd7 6.f4 c6 7.Bg2 a6 8.f5 g6
9.Qc2 Bg7 10.Bd2 Qc7 11.f4 gxf5 12.Qxf5 e6 13.Qd3 c5 14.e3 O-O 15.O-O Rad8
16.d5 exd5 17.Nxd5 Nxd5 18.Bxd5 Nf6 19.Bf3 b5 20.b3 Rfe8 21.e4 Qe7 22.Rae1 b4
23.Kh1 Kh8 24.Rg1 Rg8 25.Rg3 Nd7 26.Be3 Bc3 27.Reg1 Rxg3 28.hxg3 Qf6 29.Kg2
Nf8 30.Rh1 Qg7 31.Bxc5 Ne6 32.Be3 Rg8 33.Rh3 Bd4 34.Bd2 Bc3 35.Kh2 Qd4
36.Qxd4+ Nxd4 37.Bxc3 bxc3 38.Kg2 f5 39.exf5 c2 40.Rh1 Nxf5 41.Kf2 Rxg3 42.Rc1
Rh3 43.Kg2 Rg3+ 44.Kf2 Rh3 45.Kg2 {#d} 1/2-1/2

[Event "Memorial Oliver Gonzalez (open)"]
[Site "Madrid (Spain)"]
[Date "2011.10.12"]
[Round "5"]
[White "Rodriguez Vignote Javier (ESP)"]
[Black "Suarez Triguero Alfonso J (ESP)"]
[Result "0-1"]
[WhiteElo "1934"]
[BlackElo "2079"]

1.Nf3 Nf6 2.c4 d6 3.d4 Bg4 4.Nc3 Nbd7 5.e4 e5 6.Be2 Be7 7.O-O O-O 8.Be3 c6
9.d5 Bxf3 10.Bxf3 cxd5 11.cxd5 Ne8 12.Qd2 h6 13.Be2 Bg5 14.Rfc1 Bxe3 15.Qxe3
Nef6 16.b4 Qb6 17.Qxb6 Nxb6 18.f3 a6 19.a3 Rfc8 20.Na2 Kf8 21.Rxc8+ Rxc8
22.Rc1 Rxc1+ 23.Nxc1 Ke7 24.Nb3 Kd8 25.Kf2 Ne8 26.Ke3 f5 27.g3 Nf6 28.Nd2 fxe4
29.fxe4 Nc8 30.Nf3 Ne7 31.Nd2 Kc7 32.Nc4 Nc8 33.h3 Nb6 34.Nb2 Nbd7 35.Nc4 Nb6
36.Nb2 Kd7 37.a4 Kc7 38.Bd1 Nc8 39.a5 Ne7 40.Be2 Kd7 41.Na4 Nexd5+ 42.exd5
Nxd5+ 43.Ke4 Nxb4 44.Bg4+ Ke7 45.Bc8 Nc6 46.Bxb7 Nxa5 47.Nb6 Nxb7 {#R} 0-1

[Event "Ch England (team) 2011/12"]
[Site "England"]
[Date "2011.11.12"]
[Round "1"]
[White "Wells Peter K (ENG)"]
[Black "Galego Luis (POR)"]
[Result "1/2-1/2"]
[WhiteElo "2497"]
[BlackElo "2477"]

1.Nf3 Nf6 2.c4 d6 3.d4 Bg4 4.Nc3 Bxf3 5.exf3 g6 6.Be2 Bg7 7.Be3 O-O 8.O-O Nbd7
9.f4 c6 10.d5 cxd5 11.cxd5 Nc5 12.Bd4 a5 13.Re1 Ne8 14.Rc1 Bxd4 15.Qxd4 Ng7
16.Bg4 f5 17.Be2 Rf7 18.h4 Qb6 19.Nb5 Nh5 20.Bxh5 Qxb5 21.Re3 Qa4 22.Qxa4 Nxa4
23.b3 Nc5 24.Be2 Kf8 25.a3 Rb8 26.h5 Nd7 27.h6 Nb6 28.Rec3 Ke8 29.Bf3 Kd8 {#d}
1/2-1/2

[Event "It (cat.2)"]
[Site "Mollet del Valles (Spain)"]
[Date "2011.12.09"]
[Round "4"]
[White "Bals Hernandez Jordi (ESP)"]
[Black "Amores Gago Javier (ESP)"]
[Result "1/2-1/2"]
[WhiteElo "2144"]
[BlackElo "2062"]

1.d4 d6 2.Nf3 Nf6 3.c4 Bg4 4.Nc3 Bxf3 5.exf3 e6 6.d5 Be7 7.Be2 O-O 8.Be3 c5
9.g4 Nbd7 10.g5 Ne8 11.f4 e5 12.Qd2 g6 13.Ne4 f5 14.Nc3 a6 15.O-O-O Rb8 16.h4
e4 17.h5 Ng7 18.hxg6 hxg6 19.f3 exf3 20.Bxf3 b5 21.Rh6 Kf7 22.Qh2 Rg8 23.Rh7
Qa5 24.Bd2 b4 25.Qe2 Nf8 26.Re1 Re8 27.Qh2 Qd8 28.Re6 Bxg5 29.fxg5 Rxe6 {#d}
1/2-1/2

[Event "It (open)"]
[Site "Zadar (Croatia)"]
[Date "2011.12.11"]
[Round "1"]
[White "Kozul Zdenko (CRO)"]
[Black "Franic Milan (CRO)"]
[Result "1-0"]
[WhiteElo "2577"]
[BlackElo "2381"]

1.d4 Nf6 2.c4 d6 3.Nf3 Bg4 4.Nc3 Bxf3 5.exf3 g6 6.h4 Bg7 7.g4 h5 8.g5 Nfd7
9.Be3 c6 10.d5 Qa5 11.Bd4 Ne5 12.f4 Nf3+ 13.Qxf3 Bxd4 14.Bh3 cxd5 15.O-O Bxc3
16.bxc3 O-O 17.cxd5 Na6 18.Rfe1 Qc7 19.f5 Nc5 20.Re3 e6 21.dxe6 fxe6 22.f6
Rfe8 23.Rae1 Kf7 24.Qe2 Qd7 25.f4 d5 26.f5 exf5 27.Re7+ Rxe7 28.Qxe7+ Qxe7
29.Rxe7+ Kf8 30.Bxf5 gxf5 31.Rh7 Re8 32.g6 Re1+ 33.Kg2 Kg8 34.f7+ {#r} 1-0

[Event "It (open)"]
[Site "Batatais (Brazil)"]
[Date "2011.12.18"]
[Round "5"]
[White "De Carvalho Igor Lorenzon (BRA)"]
[Black "Aoyama Edmundo (BRA)"]
[Result "1/2-1/2"]
[WhiteElo "1840"]
[BlackElo "1920"]

1.d4 d6 2.Nf3 Nf6 3.c4 Bg4 4.e3 Nbd7 5.Nc3 e5 6.Be2 Be7 7.O-O O-O 8.Qc2 c6
9.h3 Bh5 10.b3 Qc7 11.Bb2 Rfe8 12.Rac1 Rac8 13.Rfd1 Bf8 14.Nh4 Bg6 15.Nxg6
hxg6 16.Qb1 e4 17.Rd2 Qa5 18.a3 Qg5 19.Bf1 a6 20.b4 Nb6 21.c5 Nbd5 22.Nxd5
Nxd5 23.Bc4 Nf6 24.a4 d5 25.Bf1 Nh5 26.b5 axb5 27.axb5 f5 28.bxc6 bxc6 29.Rc3
f4 30.Qe1 Rb8 31.exf4 Qxf4 32.Qe3 Qf7 33.g3 Be7 34.Bc1 Bf6 35.Rb2 Rxb2 36.Bxb2
Rb8 37.Rb3 Qc7 {#d} 1/2-1/2

[Event "It (open)"]
[Site "Nova Gorica (Slovenia)"]
[Date "2012.01.27"]
[Round "1"]
[White "Zupancic Jernej (SLO)"]
[Black "Petrovcic Cvetko (SLO)"]
[Result "1-0"]
[WhiteElo "2160"]
[BlackElo "1768"]

1.d4 Nf6 2.Nf3 d6 3.c4 Bg4 4.g3 Qd7 5.Bg2 Nc6 6.h3 Bh5 7.g4 Bg6 8.d5 Ne5
9.Nfd2 Bxb1 10.Rxb1 g5 11.Qb3 O-O-O 12.Nf3 Nxf3+ 13.Bxf3 h5 14.gxh5 g4 15.hxg4
Nxg4 16.Bxg4 Qxg4 17.Qh3 Qxh3 18.Rxh3 Bh6 19.Bxh6 Rxh6 20.Kd2 Rdh8 21.Rbh1 a5
22.Rf3 R8h7 23.b3 Kd7 24.Kc2 Ke8 25.Rfh3 Kd7 26.Kb2 Kd8 27.Ka3 Kd7 28.Ka4 b6
29.Kb5 f6 30.a3 Rh8 31.b4 axb4 32.axb4 R8h7 33.e4 Rh8 34.c5 bxc5 35.bxc5 dxc5
36.Kxc5 R8h7 37.f4 Rh8 38.R1h2 R8h7 39.Kd4 Rh8 40.Rh1 R8h7 41.Rc1 Rxh5 42.Rhc3
e5+ 43.dxe6+ Kxe6 44.f5+ Kd7 45.Rxc7+ Kd8 46.Rc8+ Kd7 {#r} 1-0

[Event "It (open) (students)"]
[Site "Moscow (Russia)"]
[Round "4"]
[White "Guseinov Djelal (RUS)"]
[Black "Grebennikova Tatyana (RUS)"]
[Result "1-0"]
[WhiteElo "2089"]
[BlackElo "2010"]

1.d4 Nf6 2.c4 d6 3.Nf3 Bg4 4.Nc3 Nbd7 5.e4 e5 6.d5 Nc5 7.Qc2 a5 8.Be2 Be7 9.h3
Bh5 10.Be3 Ncd7 11.O-O O-O 12.a3 c6 13.Rfc1 h6 14.Rab1 Bg6 15.Nd2 Nh7 16.b4
Bg5 17.Bxg5 Nxg5 18.h4 Nxe4 19.Ndxe4 Qxh4 20.Bd3 Qe7 21.Ng3 Bxd3 22.Qxd3 g6
23.dxc6 bxc6 24.Rd1 axb4 25.axb4 Qe6 26.Nge4 Nb6 27.Nxd6 Ra3 28.c5 Nd5 29.Rdc1
Nf4 30.Qd1 Rd8 31.b5 cxb5 32.Rxb5 f5 33.g3 Nh3+ 34.Kg2 f4 35.Qd5 f3+ 36.Kf1
Qxd5 37.Nxd5 Ra2 38.Nf6+ Kg7 39.Nfe4 {#r} 1-0